Improved confinement of concrete using SBR latex (Record no. 554259)
[ view plain ]
| 000 -LEADER | |
|---|---|
| fixed length control field | 00510nam a22001817a 4500 |
| 082 ## - DEWEY DECIMAL CLASSIFICATION NUMBER | |
| Classification number | P-826 |
| 100 ## - MAIN ENTRY--PERSONAL NAME | |
| Personal name | Ali, Ahsan |
| 9 (RLIN) | 16870 |
| 245 ## - TITLE STATEMENT | |
| Title | Improved confinement of concrete using SBR latex |
| Remainder of title | Syn-27 |
| 260 ## - PUBLICATION, DISTRIBUTION, ETC. | |
| Place of publication, distribution, etc. | Risalpur, |
| Name of publisher, distributor, etc. | MCE, |
| Date of publication, distribution, etc. | 2019. |
| 300 ## - PHYSICAL DESCRIPTION | |
| Extent | 98p. |
| Other physical details | ill. |
| Dimensions | 30cm. |
| 526 ## - STUDY PROGRAM INFORMATION NOTE | |
| Program name | 0 |
| Interest level | 0 |
| Reading level | 0 |
| Title point value | P_826 |
| 700 ## - ADDED ENTRY--PERSONAL NAME | |
| Personal name | Anus, Muhammad |
| 9 (RLIN) | 51675 |
| 700 ## - ADDED ENTRY--PERSONAL NAME | |
| Personal name | Dr Muhammad Rizwan |
| 9 (RLIN) | 34659 |
| 700 ## - ADDED ENTRY--PERSONAL NAME | |
| Personal name | Khan, Tabish Ali |
| 9 (RLIN) | 51676 |
| 700 ## - ADDED ENTRY--PERSONAL NAME | |
| Personal name | Malik, Uzair |
| 9 (RLIN) | 51677 |
| 700 ## - ADDED ENTRY--PERSONAL NAME | |
| Personal name | Sardar, Abubaker |
| 9 (RLIN) | 51678 |
| 942 ## - ADDED ENTRY ELEMENTS (KOHA) | |
| Source of classification or shelving scheme | |
| Koha item type | Book |
| Withdrawn status | Lost status | Source of classification or shelving scheme | Damaged status | Not for loan | Permanent Location | Current Location | Date acquired | Total Checkouts | Full call number | Barcode | Date last seen | Price effective from | Koha item type |
|---|---|---|---|---|---|---|---|---|---|---|---|---|---|
| Military College of Engineering (MCE) | Military College of Engineering (MCE) | 08/20/2019 | P-826 | MCE-P-826 | 08/20/2019 | 08/20/2019 | Book |
